LEADER 02473 am 2200889 n 450 001 9910252740603321 005 20160620 010 $a2-918887-45-5 024 7 $a10.4000/books.pcjb.1226 035 $a(CKB)4100000001653815 035 $a(FrMaCLE)OB-pcjb-1226 035 $a(oapen)https://directory.doabooks.org/handle/20.500.12854/58469 035 $a(PPN)22438600X 035 $a(EXLCZ)994100000001653815 100 $a20180122j|||||||| ||| 0 101 0 $aita 135 $auu||||||m|||| 181 $ctxt$2rdacontent 182 $cc$2rdamedia 183 $acr$2rdacarrier 200 10$aRicerche sulla protostoria della Sibaritide, 1 /$fPier Giovanni Guzzo, Renato Peroni, Giovanna Bergonzi, Andrea Cardarelli, Lucia Vagnetti 210 $aNaples $cPublications du Centre Jean Bérard$d2016 215 $a1 online resource (163 p.) 311 $a2-903189-17-X 606 $aArchaeology 606 $aarchaeology 606 $aIron Age 606 $aBronze Age 606 $aItaly 606 $aCalabria 606 $aSybaris 606 $aâge du fer 606 $aItalie 606 $aâge du bronze 606 $aarchéologie 606 $aCalabre 606 $aarcheologia 606 $aItalia 606 $aetà del bronzo 606 $aetà del ferro 610 $aCalabria 610 $aIron Age 610 $aSybaris 610 $aarchaeology 610 $aItaly 610 $aBronze Age 615 4$aArchaeology 615 4$aarchaeology 615 4$aIron Age 615 4$aBronze Age 615 4$aItaly 615 4$aCalabria 615 4$aSybaris 615 4$aâge du fer 615 4$aItalie 615 4$aâge du bronze 615 4$aarchéologie 615 4$aCalabre 615 4$aarcheologia 615 4$aItalia 615 4$aetà del bronzo 615 4$aetà del ferro 700 $aGuzzo$b Pier Giovanni$040072 701 $aPeroni$b Renato$038780 701 $aBergonzi$b Giovanna$0213867 701 $aCardarelli$b Andrea$0154403 701 $aVagnetti$b Lucia$0184528 701 $aBergonzi$b Giovanna$0213867 701 $aCardarelli$b Andrea$0154403 701 $aGuzzo$b Pier Giovanni$040072 701 $aPeroni$b Renato$038780 701 $aVagnetti$b Lucia$0184528 801 0$bFR-FrMaCLE 906 $aBOOK 912 $a9910252740603321 996 $aRicerche sulla protostoria della Sibaritide, 1$93040031 997 $aUNINA LEADER 01488oam 2200505zu 450 001 9910139436503321 005 20260127104253.0 010 $a0-470-54908-4 035 $a(CKB)2500000000001397 035 $a(SSID)ssj0000481498 035 $a(PQKBManifestationID)11310620 035 $a(PQKBTitleCode)TC0000481498 035 $a(PQKBWorkID)10484283 035 $a(PQKB)11408847 035 $a(EXLCZ)992500000000001397 100 $a20160829d2010 uy 101 0 $aeng 181 $ctxt 182 $cc 183 $acr 200 00$aGuide to stability design criteria for metal structures 205 $a6th ed. 210 31$a[Place of publication not identified]$cJohn Wiley & Sons$d2010 300 $aBibliographic Level Mode of Issuance: Monograph 311 08$a0-470-08525-8 606 $aColumns 606 $aGirders 606 $aCivil & Environmental Engineering$2HILCC 606 $aEngineering & Applied Sciences$2HILCC 606 $aCivil Engineering$2HILCC 615 0$aColumns. 615 0$aGirders. 615 7$aCivil & Environmental Engineering 615 7$aEngineering & Applied Sciences 615 7$aCivil Engineering 676 $a624.1/821 686 $aBAU 500f$2stub 686 $aMTA 090f$2stub 686 $aMTA 120f$2stub 702 $aZiemian$b Ronald D. 801 0$bPQKB 906 $aBOOK 912 $a9910139436503321 996 $aGuide to stability design criteria for metal structures$91517536 997 $aUNINA